The two minute rule /

Bibliographic Details
Main Author: Crais, Robert
Format: Book
Language:English
Published: New York : Simon & Schuster, [2006]
Subjects:

MARC

Tag First Indicator Second Indicator Subfields
LEADER 00000cam a2200000 a 4500
001 in00002104708
005 20151103054536.0
008 051114s2006 nyu 000 1 eng
010 |a  2005057476 
020 |a 0743281616 
024 3 |a 9780743281614 
035 |a (OCoLC)ocm62342228 
040 |a DLC  |c DLC  |d YDX  |d BAKER  |d S6L  |d ILC  |d VP@  |d TXA  |d UtOrBLW 
043 |a n-us-ca 
049 |a TXAM 
050 0 0 |a PS3553.R264  |b T88 2006 
082 0 0 |a 813/.54  |2 22 
100 1 |a Crais, Robert. 
245 1 4 |a The two minute rule /  |c Robert Crais. 
264 1 |a New York :  |b Simon & Schuster,  |c [2006] 
264 4 |c ©2006 
300 |a 325 pages ;  |c 25 cm. 
336 |a text  |b txt  |2 rdacontent 
337 |a unmediated  |b n  |2 rdamedia 
338 |a volume  |b nc  |2 rdacarrier 
650 0 |a Ex-convicts  |v Fiction. 
650 0 |a Police corruption  |v Fiction. 
650 0 |a Revenge  |v Fiction. 
651 0 |a Los Angeles (Calif.)  |v Fiction. 
948 |a cataloged  |b h  |c 2006/3/22  |d c  |e ceaton  |f 9:50:30 am 
994 |a C0  |b TXA 
999 |a MARS 
999 f f |s 59f7cb43-e911-3184-a9bb-40397364e567  |i d8916970-7388-3c86-8019-156a8974106f  |t 0 
952 f f |p normal  |a Texas A&M University  |b College Station  |c Sterling C. Evans Library  |d Evans: Library Stacks  |t 0  |e PS3553.R264 T88 2006  |h Library of Congress classification  |i unmediated -- volume  |m A14833499099 
998 f f |a PS3553.R264 T88 2006  |t 0  |l Evans: Library Stacks